The noble scholar, jurist, historian


 His Excellency Dr. Abdul Wahhab bin Ibrahim Abu Sulaiman, may Allah have mercy on him.


 He was born in Umm Al-Qura in the year 1356 AH.

الشعر والغناء في المدينة ومكة لعصر بني أمية / (Record no. 7218)

MARC details
000 -LEADER
fixed length control field 01176cam a22002771i 4500
003 - CONTROL NUMBER IDENTIFIER
control field SA-RiAUC
005 - DATE AND TIME OF LATEST TRANSACTION
control field 20250420103636.0
008 - FIXED-LENGTH DATA ELEMENTS--GENERAL INFORMATION
fixed length control field 250419s1976 le g 00000 ara c
040 ## - CATALOGING SOURCE
Original cataloging agency SA-JeALM
Language of cataloging ara
Transcribing agency SA-RiAUC.
Description conventions rda
043 ## - GEOGRAPHIC AREA CODE
Geographic area code a-su---
082 04 - DEWEY DECIMAL CLASSIFICATION NUMBER
Classification number 811.3
090 ## - LOCALLY ASSIGNED LC-TYPE CALL NUMBER (OCLC); LOCAL CALL NUMBER (RLIN)
Classification number (OCLC) (R) ; Classification number, CALL (RLIN) (NR) 811.3
Local cutter number (OCLC) ; Book number/undivided call number, CALL (RLIN) ض ي ف
100 1# - MAIN ENTRY--PERSONAL NAME
Personal name ضيف، شوقي،
Dates associated with a name 1910-2005
Relator term مؤلف.
245 12 - TITLE STATEMENT
Title الشعر والغناء في المدينة ومكة لعصر بني أمية /
Statement of responsibility, etc. شوقي ضيف.
250 ## - EDITION STATEMENT
Edition statement الطبعة الرابعة.
Remainder of edition statement منقحة
264 #1 - PRODUCTION, PUBLICATION, DISTRIBUTION, MANUFACTURE, AND COPYRIGHT NOTICE
Name of producer, publisher, distributor, manufacturer دار المعارف.
Date of production, publication, distribution, manufacture, or copyright notice 1979
Place of production, publication, distribution, manufacture القاهرة
300 ## - PHYSICAL DESCRIPTION
Extent 439 صفحة ؛
Dimensions 25 سم
336 ## - CONTENT TYPE
Content type term نص
Content type code txt
Source rdacontent
Materials specified كتاب
337 ## - MEDIA TYPE
Media type term بدون وسيط
Media type code n
Source rdamedia
338 ## - CARRIER TYPE
Carrier type term مجلد
Carrier type code nc
Source rdacarrier
490 ## - SERIES STATEMENT
Series statement مكتبة الدرسات الأدبية
Volume/sequential designation 69
650 #7 - SUBJECT ADDED ENTRY--TOPICAL TERM
Topical term or geographic name entry element الشعر العربي
Geographic subdivision المدينة المنورة
General subdivision تاريخ ونقد
Chronological subdivision العصر الأموي، 41-132 هجري.
Source of heading or term aucsh
650 #7 - SUBJECT ADDED ENTRY--TOPICAL TERM
Topical term or geographic name entry element الشعر العربي
Geographic subdivision مكة المكرمة
General subdivision تاريخ ونقد
Chronological subdivision العصر الأموي، 41-132 هجري.
Source of heading or term aucsh
942 ## - ADDED ENTRY ELEMENTS (KOHA)
Source of classification or shelving scheme Dewey Decimal Classification
Koha item type Books
Suppress in OPAC No
949 ## - LOCAL PROCESSING INFORMATION (OCLC)
a SA-JeALM
d 250419
u mohamedma123
n 1
Holdings
Withdrawn status Lost status Source of classification or shelving scheme Damaged status Not for loan Home library Current library Date acquired Total checkouts Full call number Barcode Date last seen Price effective from Koha item type
    Dewey Decimal Classification     DR AbdElwahab Library DR AbdElwahab Library 04/20/2025   811.3 ض ي ف 000012017 04/20/2025 04/20/2025 Books